El estándar de prueba en la prescripción adquisitiva (Registro nro. 22577)

000 -Cabecera
Campo de control interno 03658nam a2200277 4500
001 - Número de control
control field ESSALUD
005 - Fecha y hora de la última transacción
Campo de control 20260701104009.0
007 - Tipo material - Descripcion fisica - info general
Tipo material - Descripcion fisica - info general ta
008 - Elementos de Longitud Fija - Información General
Elementos de Longitud Fija - Información t pe ||||| |||| 00| 0 spa d
040 ## - Origen de la Catalogación
Origen de la Catalogación BMG
041 ## - Idioma
Idioma spa
100 ## - Autor
Autor Ninamancco Córdova, Fort
Rol del Autor Autor
9 (RLIN) 47317
245 ## - Titulo
Titulo El estándar de prueba en la prescripción adquisitiva
Subtitulo Una cuestión pendiente tras las intervenciones en la audiencia del XI Pleno Casatorio Civil
246 ## - Variante del Titulo
Titulo The standard of proof in acquisitive prescription
Subtitulo A pending issue following the XI Civil Plenary Cassation Hearing
300 ## - Páginas
Paginación páginas 76-81
520 ## - Resumen
Resumen Uno de los ejes que motivó la convocatoria del XI Pleno Casatorio Civil<br/>fue la reflexión sobre el estándar de prueba aplicable a los procesos de prescripción<br/>adquisitiva de dominio, una cuestión de gran impacto práctico para la judicatura y<br/>la litigación civil. No obstante, diversos observadores han señalado que, durante la<br/>audiencia pública, el tratamiento de este punto -a cargo de abogados de las partes y de<br/>los amicus curiae- no alcanzó a desarrollar con suficiente precisión técnica la categoría<br/>del estándar de prueba, pese a su centralidad en la convocatoria. Es importante precisar<br/>que estas observaciones no se dirigen al rol jurisdiccional de los jueces supremos,<br/>quienes, conforme a la lógica propia de los plenos casatorios, cumplen una función<br/>de escucha, formulación de preguntas y posterior deliberación, sino exclusivamente<br/>al contenido técnico de las intervenciones producidas en la audiencia, en particular<br/>en lo referido al estándar de prueba. Con ese marco, Praxis Civil & Procesal Civil, en su<br/>primer número, ha querido dialogar con el profesor y abogado Fort Ninamancco, a fin<br/>de esclarecer cómo debe entenderse el estándar de prueba en el proceso civil peruano<br/>y su aplicación concreta a la prescripción adquisitiva.
520 ## - Resumen
Resumen One of the core pillars behind the convening af the XI Civil Plenary Cassation (XI Plena<br/>Casatorio Civil) was the reflection on the standard af proof applicob/e to acquisitive prescription<br/>proceedings-a matter of significont practico/ impact far the judiciary and civil litigation<br/>Nevertheless, severa/ abservers hove nated that during the public hearing, the treatment of this<br/>point by party counsel and amici curiae failed to develop the category of "standard of proof" with<br/>sufficient technica/ precision, despite its central rafe in the summans. lt is impartant to cfarify that<br/>these abservations are not directed at the jurisdictional role of the Supreme Court justices who,<br/>consistent with the inherent /ogic af plenary cassatian hearings, perfarm a function of listening,<br/>questioning, and subsequent deliberation. Rather, these remarks refer exclusive/y to the technical<br/>content of the oral arguments presented during the hearing, specifically regarding the standard of<br/>proof Within this framework, Praxis Civil & Procesal Civil, in its inaugural issue, sought ta engage in<br/>dialogue with Professor and Attorney Fort Ninamancca to clarify how the standard of proof should<br/>be understood within Peruvian civil pracedure and its specific app/ication to acquisitive prescription.
650 ## - Temas - Descriptores
Temas - Descriptores ESTÁNDAR DE PRUEBA
9 (RLIN) 52939
650 ## - Temas - Descriptores
Temas - Descriptores PRESCRIPCIÓN ADQUISITIVA DE DOMINIO
9 (RLIN) 52940
650 ## - Temas - Descriptores
Temas - Descriptores PLENO CASATORIO
9 (RLIN) 52941
650 ## - Temas - Descriptores
Temas - Descriptores STANDARD AF PROOF
9 (RLIN) 52942
650 ## - Temas - Descriptores
Temas - Descriptores ACQUISITIVE PRESCRIPTION
9 (RLIN) 52943
650 ## - Temas - Descriptores
Temas - Descriptores PLENARY CASSATIAN
9 (RLIN) 52944
773 0# - Revista (Relacion con el numero)
Host Biblionumber 22573
Host Itemnumber 22620
Ciudad, Editorial Lima Grupo Praxis Formación Profesional, 2026-
Codigo barras item/ejemplar PRA001
Titulo de la Revista Praxis Civil & Procesal Civil
Número de control de registro ESSALUD
ISSN 3119-7671
942 ## - Elementos de Koha
Tipo de Documento Artículos
Fecha procesamiento 2026-06-30
Catalogador sqb

No hay ítems disponibles.